सुनीता जैन की यादगारी कहानियां / (Record no. 38143)

MARC details
000 -LEADER
fixed length control field 01145nam a22002297a 4500
005 - DATE AND TIME OF LATEST TRANSACTION
control field 2010072907447.0
010 ## - LCCN (DPL NO)
LC control number HIN-89765
020 ## - INTERNATIONAL STANDARD BOOK NUMBER
International Standard Book Number 9788121614870
Terms of availability 135.00
035 ## - SYSTEM CONTROL NUMBER
System control number HN-62111
037 ## - SOURCE OF ACQUISITION
Source of stock number/acquisition DBAD / PUB
082 ## - DEWEY DECIMAL CLASSIFICATION NUMBER
Classification number
100 ## - MAIN ENTRY--PERSONAL NAME
Personal name जैन, सुनीता
245 ## - TITLE STATEMENT
Title सुनीता जैन की यादगारी कहानियां /
Statement of responsibility, etc जैन, सुनीता; तेजपाल सिंह धामा द्वारा संपादित
246 ## - VARYING FORM OF TITLE
Title proper/short title Sunita Jain ki yaadgari Kahaniyan
Remainder of title by Sunita Jain
260 ## - PUBLICATION, DISTRIBUTION, ETC. (IMPRINT)
Place of publication, distribution, etc नई दिल्ली
Name of publisher, distributor, etc हिन्द पॉकेट बुक्स
Date of publication, distribution, etc 2010
270 ## - ADDRESS
Address जे-40, जोरबाग लेन
City नई दिल्ली
Postal code 110003
300 ## - PHYSICAL DESCRIPTION
Extent 208पृ
Dimensions 18सेमी (अजिल्द)
650 ## - SUBJECT ADDED ENTRY--TOPICAL TERM
Topical term or geographic name as entry element लघु कथाएँ, हिन्दी
700 ## - ADDED ENTRY--PERSONAL NAME
9 (RLIN) 2266
Personal name धामा, तेजपाल सिंह
942 ## - ADDED ENTRY ELEMENTS (KOHA)
Source of classification or shelving scheme Dewey Decimal Classification
Item type Hindi Books
Classification part
Call number suffix जैनसु
Holdings
Withdrawn status Lost status Not for loan Collection code Home library Current library Date acquired Source of acquisition Cost, normal purchase price Full call number Barcode Copy number Cost, replacement price Koha item type
    Not For Loan Fiction D.B.Act.Division D.B.Act.Division 29/07/2010 DBAD / PUB 135.00 क जैनसु HN-62111 1 135.00 Hindi Books

© Delhi Public Library
Hit Counter
free hit counter